| 000 | 00416nam a22001697a 4500 | ||
|---|---|---|---|
| 003 | koha_MIRAKIL | ||
| 005 | 20241018094316.0 | ||
| 008 | 231213b |||||||| |||| 00| 0 ||| d | ||
| 040 |
_aTR-IsEVY _btur _cTR-IsEVY |
||
| 082 | _a620.1 GUI | ||
| 100 | _aGUILLAIN, CHARLOTTE. | ||
| 245 | 0 | _aCOMPARING PROPERTIES. | |
| 260 |
_bHeinmannraintree, _c2009 |
||
| 300 | _a24. | ||
| 650 | _aİngiliz Dili. | ||
| 942 |
_2ddc _cBK |
||
| 999 |
_c5464 _d5464 |
||